Responses for Show #6426 - Monday, July 23, 2012

Contestants

[<< previous game]

Liz Frost, an accountant from Issaquah, Washington

Kate Mosesso, an attorney from Chicago, Illinois

Andy Baggarly, a journalist and author from Palo Alto, California (whose 1-day cash winnings total $15,600)

[next game >>]

Jeopardy! Round responses

THE QUEEN'S ENGLISH
NUMERICAL NOVEL BY CHARACTERS
CLASSIC CARTOONS
MENTAL STATES
DEUS X
MACADAMIA
    $200 10
a muffler

Andy
    $200 3
The House of the Seven Gables

Triple Stumper
    $200 1
George of the Jungle

Andy
    $200 20
fog

Andy
    $200 26
corn

Andy
    $200 15
Australia

Andy
    $400 11
a flashlight

Kate
    $400 4
1984

Kate
    $400 2
Natasha

Kate
    $400 22
shame

Liz
    $400 27
Siberia

Kate
    $400 16
evergreen

Andy
    $600 12
the trunk

Andy
    $600 5
Fahrenheit 451

Andy
    $600 7
The Flintstones

Liz
    $600 23
a trance

Andy
    $600 28
(Andy: What is chi?)

yin

AndyLiz
    $600 17
fall to the ground

Triple Stumper
    $800 13
an elevator

Andy
    $800 6
A Tale of Two Cities

Triple Stumper
    $800 8
Woody Woodpecker

Andy
    $800 24
"the Faith"

Liz
    $800 29
Tierra del Fuego

Liz
    $800 18
LDL

Kate
    $1000 14
suspenders

Andy
    $1,000 19
One Hundred Years of Solitude

Kate
    $1000 9
Scooby-Doo

Andy
    $1000 25
melancholy

Kate
    $1000 30
Quetzalcoatl

Liz
    $1000 21
leach

Andy

Scores at the first commercial break (after clue 15):

Andy Kate Liz
$5,400 $1,200 $600

Scores at the end of the Jeopardy! Round:

Andy Kate Liz
$7,200 $4,400 $4,200

Double Jeopardy! Round responses

SCULPTURE
OFFICIAL LANGUAGES
WHO'S THE "MAN"?
MOVIE FIGHTERS
CRAZY TALK
SCOTTISH RULERS
    $400 6
The Thinker

Kate
    $400 14
Sanskrit

Liz
    $400 1
(Joe) Lieberman

Liz
    $400 9
(Mark) Wahlberg

Andy
    $400 19
a loose screw

Liz
    $400 26
Bruce

Liz
    $800 7
David

Liz
    $800 15
South Sudan

Liz
    $800 2
(George) Eastman

Liz
    $800 10
Million Dollar Baby

Liz
    $800 20
cuckoo

Kate
    $800 27
St. Andrew's

Andy
    $1200 8
the Venus de Milo

Kate
    $2,000 16
Creole

Liz
    $1200 3
(Benny) Goodman

Kate
    $1200 11
Stallone

Liz
    $1200 21
lost your marbles

Kate
    $1200 28
Mary, Queen of Scots

Triple Stumper
    $1600 24
the discus

Andy
    $1600 17
Afghanistan

Triple Stumper
    $1600 4
(William T.) Sherman

Andy
    $1600 12
(Jake) LaMotta

Andy
    $1600 22
being one brick short of a (full) load

Andy
    $1600 29
Scone

Triple Stumper
    $2,000 25
(Andy: What is, uh, Libra--)
(Alex: [Quietly] No.)
(Andy: --[*].)
(Alex: [*] is right, yes, and you're now at $18,000.)

Justice

Andy
    $2000 18
(Liz: What is Croat?)

Albanian

Liz
Triple Stumper
    $2000 5
Lewis Waterman

Triple Stumper
    $2000 13
The Wrestler

Liz
    $2000 23
Looney Tunes

Andy
    $2000 30
William the Conqueror

Triple Stumper

Scores at the end of the Double Jeopardy! Round:

Andy Kate Liz
$18,800 $9,200 $12,200

[wagering suggestions for these scores]

Final Jeopardy! Round responses

POLITICAL LITERATURE
KateWho is Casanova?
$9,200
LizWho is The Prince?
$8,000
AndyWho is The Prince?
$5,601
The Prince

Final scores:

Andy Kate Liz
$24,401 $0 $20,200
2-day champion: $40,001 3rd place: $1,000 2nd place: $2,000

Game dynamics:

Coryat scores:

Andy Kate Liz
$18,800 $9,200 $11,400
22 R
(including 1 DD),
1 W
12 R
(including 1 DD),
0 W
17 R
(including 1 DD),
1 W

Combined Coryat: $39,400

[game clues] [game scores] [suggest correction]

Game tape date: 2012-03-14
The J! Archive is created by fans, for fans. Scraping, republication, monetization, and malicious use prohibited; this site may use cookies and collect identifying information. See terms. The Jeopardy! game show and all elements thereof, including but not limited to copyright and trademark thereto, are the property of Jeopardy Productions, Inc. and are protected under law. This website is not affiliated with, sponsored by, or operated by Jeopardy Productions, Inc. Join the discussion at JBoard.tv.